[Event "HUN-ch Rapid 2018"]
[Site "Ajka"]
[Date "2018.07.21"]
[Round "7"]
[White "Czebe, Attila"]
[Black "Ruck, Robert"]
[Result "1/2-1/2"]
[WhiteElo "2488"]
[BlackElo "2570"]
[Annotator "TA"]
[PlyCount "59"]
[EventDate "2018.07.20"]
[EventType "swiss"]
[EventCountry "HUN"]
[SourceTitle "playchess.com"]
[Source "ChessBase"]
[SourceQuality "1"]

{[%evp 19,59,9,29,-12,9,11,17,-64,-29,-27,-22,-20,17,17,2,-15,-13,-6,-10,-22,0,6,4,25,72,24,68,83,74,57,70,51,53,56,49,30,72,57,77,25,12,12]} 1. Nf3 Nf6 2. g3 g6 3. Bg2 Bg7 4. O-O O-O 5. d4 d5 6. Nbd2 c6 7. b3 a5 8. a4 {D02: 1 d4 d5 2 Nf3 sidelines, including 2...Nf6 3 g3 and 2...Nf6 3 Bf4} Bf5 9. Bb2 Na6 10. Nh4 Be6 {LiveBook: 3 Games} 11. h3 $146 ({Predecessor:} 11. e3 Rc8 12. Qe2 c5 13. c3 Ne8 14. Nhf3 Bf5 15. Ne5 cxd4 16. exd4 {1-0 (64) Landa,K (2611)-Thorfinnsson,B (2457) Reykjavik 2017}) 11... Qb6 12. Nhf3 Rfd8 13. Ne5 (13. e3 $11) 13... Rac8 14. e3 c5 15. Qe2 Nb4 16. c3 Nc6 17. Nd3 cxd4 18. exd4 Bf5 19. Nc5 Qc7 20. g4 Bd7 21. f4 Be8 22. Qe3 $36 {[%mdl 2048] White has the initiative.} b6 23. Nd3 e6 24. Rf2 Ne7 25. Ne5 b5 26. axb5 Bxb5 27. c4 dxc4 28. bxc4 Bc6 29. Nxc6 (29. Bc3 $16 a4 30. Bxc6 (30. Nxc6 Nxc6 31. Nf3 Na5 $14) 30... Nxc6 31. Rxa4) 29... Nxc6 $11 30. Nf3 {Precision: White = 31%, Black = 35%.} 1/2-1/2

[Event "HUN-ch Rapid 2018"]
[Site "Ajka"]
[Date "2018.07.21"]
[Round "7"]
[White "Nemeth, Miklos"]
[Black "Csonka, Balazs"]
[Result "1/2-1/2"]
[WhiteElo "2469"]
[BlackElo "2311"]
[Annotator "TA"]
[PlyCount "40"]
[EventDate "2018.07.20"]
[EventType "swiss"]
[EventCountry "HUN"]
[SourceTitle "playchess.com"]
[Source "ChessBase"]
[SourceQuality "1"]

{[%evp 15,40,38,38,1,33,11,25,14,8,0,0,4,14,-49,43,-75,-28,-27,-20,-82,-19,-29,-20,-30,-33,-10,8]} 1. e4 e5 2. Nf3 Nc6 3. Bc4 Nf6 4. d3 Be7 5. O-O O-O 6. a4 d6 {C55: Zweispringerspiel} 7. c3 (7. h3 Be6 8. Re1 Qd7 9. Nc3 h6 10. Be3 a6 11. Bxe6 fxe6 12. d4 exd4 13. Nxd4 Nxd4 14. Qxd4 Nh5 15. e5 {0-1 (71) Miton,K (2584)-Wang,H (2709) Riadh 2017}) 7... Kh8 8. a5 a6 {LiveBook: 3 Partien. Weiß steht etwas besser.} 9. Ng5 Kg8 $146 ({Vorgänger:} 9... Qe8 10. f4 h6 11. Nf3 exf4 12. Bxf4 Nh5 13. Be3 f5 14. Nbd2 Qg6 {0-1 (40) Hartl,D (2249)-Srbis,J (2250) Pardubice 2009}) 10. f4 d5 11. exd5 Nxd5 12. Qb3 Bxg5 ({Jedoch nicht} 12... exf4 $2 13. Nxf7 Kxf7 14. Bxd5+ Kg6 15. Rxf4 $18) 13. fxg5 Be6 14. Rf3 ({Besser ist} 14. Qxb7 $11 Qd6 15. Qb3) 14... Qd6 ({Günstiger ist} 14... Qd7 $15) 15. Qa3 (15. Nd2 $1 $14 {nur das bewahrt Vorteil.}) 15... Qxa3 16. Rxa3 Rad8 17. b4 {[#]} (17. Rf1 $11 {bleibt in der Remisbreite.}) 17... Nf4 (17... e4 $1 $17 {[%cal Re4f3][%mdl 512]} 18. dxe4 Ndxb4 19. Bxe6 fxe6 20. cxb4 (20. Rxf8+ Kxf8 21. Bf4 Rd1+ 22. Kf2 Rxb1 $17) 20... Rd1+ 21. Kf2 Rxc1 22. Rxf8+ Kxf8 23. Rf3+ Ke7) 18. Bxf4 $11 Bxc4 19. dxc4 {Und weiter mit b5 wäre nett.} exf4 20. Ra2 Ne5 {Precision: Weiß = 10%, Schwarz = 27%.} 1/2-1/2

[Event "HUN-ch Rapid 2018"]
[Site "Ajka"]
[Date "2018.07.21"]
[Round "7"]
[White "Groszpeter, Attila"]
[Black "Jakab, Attila"]
[Result "1/2-1/2"]
[WhiteElo "2438"]
[BlackElo "2363"]
[Annotator "TA"]
[PlyCount "78"]
[EventDate "2018.07.20"]
[EventType "swiss"]
[EventCountry "HUN"]
[SourceTitle "playchess.com"]
[Source "ChessBase"]
[SourceQuality "1"]

{[%evp 15,78,16,20,16,14,20,20,12,19,17,24,0,0,0,0,0,0,-7,-4,-7,-7,-7,0,-2,6,0,12,6,22,0,23,16,23,20,34,0,11,0,4,0,0,0,0,0,0,0,0,0,0,0,0,0,0,0,0,0,0,0,0,0,0,0,0,0,0]} 1. e4 e6 2. d4 d5 3. Nc3 Nf6 4. Bg5 dxe4 5. Nxe4 Nbd7 6. Nxf6+ Nxf6 7. Nf3 Be7 8. Be2 O-O {LiveBook: 3 Games. C10: French with 3 Nc3: Unusual Black 3rd moves and 3...dxe4} 9. c3 (9. Ne5 c5 10. dxc5 Qa5+ 11. Bd2 Qxc5 12. Nd3 Qc7 13. O-O e5 14. Re1 Bd6 15. g3 h6 16. c4 {0-1 (40) Scholz,C (2378)-Harff,M (2356) Germany 2017}) 9... b6 10. Ne5 {And now Bf3 would win.} Bb7 11. Bf3 Bxf3 $146 ({Predecessor:} 11... Bd5 12. Nc6 Bxc6 13. Bxc6 Rb8 14. Qf3 {½-½ (14) Kasik,M (1779)-Jorgensen,A (1965) Marianske Lazne 2016}) 12. Qxf3 Nd5 13. Nc6 Qd7 14. Nxe7+ Nxe7 15. O-O h6 16. Bf4 c6 17. Rfe1 Rad8 18. h3 $1 Qd5 19. Qg4 Qf5 20. a4 {[%cal Ba2a4,Ba4a5][%mdl 32]} Rd5 21. a5 b5 22. a6 (22. Qxf5 {seems wilder.} Nxf5 23. b4 Rc8 24. Rac1 Ne7 25. g4) 22... Rfd8 23. Qxf5 Nxf5 24. Bc7 Rc8 25. Bf4 Kf8 {The position is equal.} 26. Re5 (26. g4 {keeps more tension.} Ne7 27. f3 g5 28. Be3 Ng6 29. Rf1) 26... Ke7 27. Rxd5 exd5 $11 {[%mdl 4096] Endgame KRB-KRN} 28. Kf1 Nd6 29. Ke2 Rb8 30. Kd3 Kd7 31. b3 Rb6 32. f3 Ne8 33. Be5 f6 34. Bf4 (34. Bg3 {with more complications.} Nc7 35. Bxc7 Kxc7 36. h4 Kd6 37. g4) 34... Nc7 35. Bxc7 Kxc7 36. Re1 Kd7 37. Ra1 Rb8 38. Rb1 Rb6 39. Ra1 Rb8 {Precision: White = 60%, Black = 61%.} 1/2-1/2

[Event "HUN-ch Rapid 2018"]
[Site "Ajka"]
[Date "2018.07.21"]
[Round "7"]
[White "Csiszar, Csaba"]
[Black "Seres, Bela"]
[Result "0-1"]
[WhiteElo "2432"]
[BlackElo "2220"]
[Annotator "TA"]
[PlyCount "110"]
[EventDate "2018.07.20"]
[EventType "swiss"]
[EventCountry "HUN"]
[SourceTitle "playchess.com"]
[Source "ChessBase"]
[SourceQuality "1"]

{[%evp 11,110,31,52,-6,4,4,10,-5,25,5,41,45,46,45,106,86,134,86,97,57,61,50,43,44,72,32,70,43,61,67,87,84,103,103,103,103,103,103,103,103,103,103,145,95,103,103,100,64,101,87,100,100,118,1,1,1,1,1,1,1,18,-34,-21,-22,-32,-42,0,-13,0,0,0,0,0,-181,-97,-97,-98,-121,-113,-110,-45,-282,-260,-379,-368,-422,-430,-402,-308,-649,-617,-29981,-29982,-29993,-29994,-29994,-29995,-29995,-29996,-29996,-2405]} 1. d4 Nf6 2. Nf3 e6 3. e3 b6 4. Bd3 Bb7 5. O-O Ne4 6. c4 f5 {LiveBook: 15 Games} 7. Ne5 {E14: Queen's Indian: Classical Variation (4 e3)} (7. Nbd2 $14) (7. Nfd2 Qh4 8. Bxe4 fxe4 9. Nc3 Bb4 10. f4 exf3 11. Nxf3 Qg4 12. h3 Qh5 13. Ne2 Bd6 14. Nf4 Qh6 15. Nd3 Qg6 16. Nf4 Qh6 17. Nd3 Qg6 18. Nf4 Qh6 {½-½ (18) Sundararajan,K (2474)-Danchevski,O (2366) Skopje 2016}) 7... g6 $11 8. f3 Nf6 {[#] And now ...d6 would win.} 9. Be2 $146 {The position is equal.} ({Predecessor:} 9. Bc2 Bg7 10. Nc3 O-O 11. b3 d6 12. Nd3 Qe7 13. Bb2 Nbd7 14. Qe2 e5 15. dxe5 Nxe5 {½-½ (36) Schmitz,M (1924)-Laspas,P (1924) Rhodes 2015}) 9... d6 10. Qa4+ Nbd7 (10... Nfd7 {is more complex.} 11. Nd3 Bg7 12. Nc3 O-O 13. Bd2 Qe7) 11. Nc6 Bxc6 12. Qxc6 Be7 (12... Bg7 $14) 13. Nc3 $16 a6 14. Bd2 O-O 15. f4 Ra7 16. Bf3 Nb8 17. Qa4 Qd7 18. Qc2 c6 19. b4 d5 20. c5 b5 21. a4 $36 {[%mdl 2048] White is on the roll.} Qb7 22. Ra3 Qc7 23. Rfa1 Rb7 24. axb5 axb5 25. Be1 Kg7 26. h3 Nbd7 27. Kh1 h5 28. Kg1 Rh8 29. g3 Kf7 30. R1a2 Rg8 31. Qe2 (31. Ne2 {seems wilder.} Rbb8 32. Qb2 Rg7 33. Ra7 Qd8 34. R2a6) 31... Ne4 32. Nxe4 (32. Nd1 $16) 32... dxe4 $11 33. Bg2 Nf6 34. Bf1 Nd5 35. Kh1 Rh8 36. Qb2 (36. h4 $11) 36... g5 $15 37. fxg5 Bxg5 {White must now prevent ...h4.} 38. Qf2 Nf6 39. Bg2 Ke7 40. Ra1 Nd5 41. Bd2 Bf6 42. Rf1 $2 {[#]} (42. Bf1 $11 {and White has nothing to worry.}) 42... Ra7 ({Better is} 42... Rg8 $19 43. Be1 Ra7 44. Rxa7 Qxa7) 43. Rfa1 $17 Rha8 44. Ra5 Rxa5 45. bxa5 Ra6 (45... Kd8 $17) 46. Be1 $2 (46. Bf1 $15) 46... b4 $19 47. Qe2 (47. g4 $142 hxg4 48. hxg4) 47... Rxa5 48. Rc1 Qa7 49. Qxh5 Kd7 50. g4 $2 (50. Bxb4 Nxb4 51. g4) 50... Ra1 51. g5 Rxc1 {Black mates.} 52. gxf6 Rxe1+ 53. Bf1 Rxf1+ 54. Kg2 Nxe3+ 55. Kg3 Qc7+ {Precision: White = 30%, Black = 40%.} 0-1

[Event "HUN-ch Rapid 2018"]
[Site "Ajka"]
[Date "2018.07.21"]
[Round "7"]
[White "Almasi, Istvan"]
[Black "Csala, Imre"]
[Result "1-0"]
[WhiteElo "2416"]
[BlackElo "2146"]
[Annotator "TA"]
[PlyCount "53"]
[EventDate "2018.07.20"]
[EventType "swiss"]
[EventCountry "HUN"]
[SourceTitle "playchess.com"]
[Source "ChessBase"]
[SourceQuality "1"]

{[%evp 21,53,56,56,52,67,-47,-62,-50,-60,-53,-41,-58,27,20,27,-27,-17,-53,8,0,26,12,45,-14,0,-30,69,73,108,101,1309,1308,1289,1268]} 1. e4 g6 2. d4 c6 3. Nc3 Bg7 4. Bc4 b5 5. Bb3 d5 6. exd5 b4 7. Nce2 cxd5 8. Bd2 a5 9. a3 bxa3 10. Rxa3 Nc6 11. Nf3 {B06: Moderne Verteidigung} Nf6 {LiveBook: 3 Partien} 12. Ne5 Bd7 $146 ({Vorgänger:} 12... Nxe5 13. dxe5 Ng4 14. Bc3 e6 15. h3 Nh6 16. Qd2 Bd7 17. Bxa5 Qh4 18. Bb4 Rxa3 19. bxa3 Bxe5 20. Qe3 Bc7 21. Qc3 {1-0 (21) Ulybin,M (2538)-Zlatanovic,B (2433) Paracin 2011}) 13. Ba4 (13. Nxd7 $14 Qxd7 14. c3) 13... Nxe5 $15 14. dxe5 Ne4 15. Bf4 Bxa4 16. Rxa4 g5 (16... O-O $15) 17. Be3 $36 {[%mdl 2048] [#] Und f3 würde nun gewinnen. Weiss steht aktiver.} Bxe5 18. O-O (18. f3 $142 Nf6 19. Bxg5) 18... Qd6 19. g3 Nc5 ({Besser ist} 19... O-O $15) 20. Ra2 g4 21. Nd4 h5 22. Qe2 ({Günstiger ist} 22. f4 $14 gxf3 23. Qxf3 Bxd4 24. Bxd4 (24. Qxf7+ Kd7 $11)) 22... Qd7 23. Rd1 O-O (23... Ne4 $11) 24. Bh6 $1 $14 Bxd4 25. Rxd4 Rfd8 $2 {[%mdl 8192]} (25... Qe6 $16 26. Qxe6 Nxe6 27. Rxd5 Rfd8 28. Rxh5 (28. Raxa5 Rxa5 29. Rxa5 Rd1+ 30. Kg2 Rb1 $16) 28... Nd4) 26. Qe5 $18 {[%csl Gh6][%cal Re5g7] [#]} Ne6 27. Qxh5 {Precision: Weiß = 28%, Schwarz = 19%.} 1-0

[Event "HUN-ch Rapid 2018"]
[Site "Ajka"]
[Date "2018.07.21"]
[Round "7"]
[White "Bagi, Mate"]
[Black "Vertetics, Attila"]
[Result "1-0"]
[WhiteElo "2394"]
[BlackElo "2506"]
[Annotator "TA"]
[PlyCount "87"]
[EventDate "2018.07.20"]
[EventType "swiss"]
[EventCountry "HUN"]
[SourceTitle "playchess.com"]
[Source "ChessBase"]
[SourceQuality "1"]

{[%evp 20,87,62,53,73,36,35,43,52,55,37,33,37,44,40,40,46,25,44,26,55,49,81,78,79,79,104,79,104,108,105,99,125,124,114,114,322,322,300,289,447,202,198,189,275,259,256,254,291,275,298,298,320,259,243,0,295,291,384,318,681,562,29979,29980,29979,29980,29979,29980,29975,29973]} 1. e4 c6 2. d4 d5 3. Nc3 g6 4. h3 Bg7 5. Nf3 dxe4 6. Nxe4 Nd7 7. Bc4 {[%cal Bf1c4,Bc4b3,Bb3c2][%mdl 32]} Ngf6 8. Nxf6+ Nxf6 9. O-O O-O 10. Re1 Bf5 11. Bb3 {LiveBook: 3 Games. B15: Caro-Kann: 3 Nc3: 3...g6 and 3...dxe4 4 Nxe4 Nf6 5 Nxf6+ exf6} (11. c3 Be4 12. Ng5 Bd5 13. Bd3 h6 14. Nf3 Nd7 15. Bf4 c5 16. dxc5 Nxc5 17. Bc2 e6 18. Ne5 b5 19. Qe2 {1-0 (40) Zherebukh,Y (2580)-Appel,R (2529) Germany 2012}) 11... Be4 12. Bg5 $146 ({Predecessor:} 12. Ng5 Bf5 13. c3 Qc7 14. Qe2 Rae8 15. Nf3 a5 16. Ne5 Qc8 17. Bf4 Be6 18. c4 Qa8 {1-0 (34) Rosen,W-Kindsvogel,R Badenweiler 1985}) 12... Bd5 13. c4 {White is slightly better.} Bxf3 14. Qxf3 a5 {[%cal Ba7a5,Ba5a4][%mdl 32]} 15. Rad1 a4 16. Bc2 Qa5 17. Bd2 Qc7 18. Bf4 Qd7 19. b3 axb3 20. Bxb3 Rfe8 21. d5 cxd5 22. cxd5 Qb5 23. Re2 Nd7 24. Rde1 Bf8 25. Bg5 {[%cal Rg5e7]} Nc5 26. Bxe7 Nxb3 27. axb3 $40 {[%mdl 128] White goes for the king.} Bxe7 $2 {[#]} (27... Qd7 $16 {might work better.}) 28. Rxe7 $18 Rf8 29. d6 Qc5 (29... Qc6 $142 30. Qd3 (30. Rxb7 Qxd6 31. Rxf7 Rxf7 $18) 30... Ra5) 30. Rxb7 (30. d7 $142) 30... Qxd6 {[#]} 31. Rxf7 $1 {[%mdl 512]} Rxf7 (31... Qd2 $142 32. Rxf8+ Rxf8) 32. Qxa8+ {[%mdl 4096] Endgame KQR-KQR} Kg7 33. Qa1+ Kh6 34. Qc1+ Kg7 35. Qc3+ Kh6 36. Qe3+ Kg7 37. Qc3+ Kh6 $1 38. b4 {[%cal Bb3b4,Bb4b5][%mdl 32]} Rf4 39. Rb1 Rd4 $2 (39... Rf7 40. Qe3+ Qf4 41. Qxf4+ Rxf4) 40. b5 Rd1+ 41. Rxd1 {White mates.} Qxd1+ 42. Kh2 Qd6+ 43. g3 Qb8 44. Qc6 {Precision: White = 64%, Black = 40%.} 1-0

[Event "HUN-ch Rapid 2018"]
[Site "Ajka"]
[Date "2018.07.21"]
[Round "7"]
[White "Galyas, Miklos"]
[Black "Horvath, Adam"]
[Result "1-0"]
[WhiteElo "2382"]
[BlackElo "2479"]
[Annotator "TA"]
[PlyCount "105"]
[EventDate "2018.07.20"]
[EventType "swiss"]
[EventCountry "HUN"]
[SourceTitle "playchess.com"]
[Source "ChessBase"]
[SourceQuality "1"]

{[%evp 17,105,104,111,110,110,110,112,110,111,112,114,112,114,103,112,87,122,118,117,103,128,104,114,97,91,86,90,70,62,77,67,-62,-62,-62,-62,-68,-68,-68,-68,-89,-91,-85,-85,-79,127,133,127,127,127,133,126,128,149,154,250,238,268,260,295,277,167,58,289,45,64,49,70,0,327,306,302,0,0,0,0,0,705,691,921,606,536,489,12838,12838,12839,12839,29990,29991,29991,29992]} 1. d4 Nf6 2. Nf3 e6 3. e3 b6 4. Bd3 Bb7 5. O-O c5 6. c4 Be7 7. Nc3 d6 8. d5 {E14: Queen's Indian: Classical Variation (4 e3)} e5 9. e4 (9. Nd2 O-O 10. f4 Nbd7 11. g4 a6 12. a4 Ne8 13. Nde4 Nc7 14. Qf3 b5 15. b3 exf4 16. exf4 {1-0 (45) Stefanova,A (2512)-Tan,Z (2518) China 2016}) 9... Nbd7 {LiveBook: 3 Games} 10. g3 {White is better.} h5 11. h4 $146 ({Predecessor:} 11. Nh4 Ng4 12. Nf5 g6 13. Nxe7 Qxe7 {1-0 (41) Vassallo Barroche,M (2389)-Valls Marti,A (2133) Barcelona 2016}) 11... Nh7 12. Kg2 Bc8 13. Rh1 O-O 14. Bd2 Ndf6 15. Ng5 g6 16. Qe2 Bg4 17. f3 {Black must now prevent Nxh7.} Bd7 18. Raf1 Kh8 19. Nd1 Ng8 {[%cal Rh7g5]} 20. Nxh7 Kxh7 21. Ne3 Nh6 22. f4 exf4 23. Rxf4 Bf6 24. Bc3 (24. Nf5 $1 $14 gxf5 25. Qxh5) 24... Bxc3 $15 25. bxc3 Qe7 26. Rhf1 Qe5 27. Rf6 Rae8 28. Qf2 Kg7 $1 29. Qf4 Qxf4 $1 30. R1xf4 Nf5 $2 (30... Rd8 $1 $17) 31. Nxf5+ $16 Kxf6 32. Nxd6+ Kg7 33. Nxe8+ Rxe8 {[%mdl 4096] Endgame KRB-KRB} 34. Rf1 Re5 35. Kf3 f6 {[#]} (35... g5 $16 {was called for.} 36. Bc2 f6) 36. a4 $1 $18 g5 {[#]} 37. a5 $1 {[%mdl 512]} bxa5 38. Ra1 a4 {[#]} 39. Bc2 (39. hxg5 $1 $18 fxg5 40. Bc2) 39... f5 $2 (39... gxh4 $1 $14 40. gxh4 f5) 40. exf5 $2 ({Less strong is} 40. hxg5 fxe4+ 41. Kf4 (41. Bxe4 Rxg5 42. Bc2 Kf6 $11) 41... Rf5+ 42. Kxe4 Rxg5 $16) (40. Bxa4 $18 Bxa4 41. Rxa4) 40... Kf6 41. Bxa4 Bxf5 42. Bd1 (42. hxg5+ $14 Kxg5 43. Ra2) 42... g4+ $2 {[%mdl 8192]} (42... Re1 $11 {and Black is okay.} 43. Kf2 Rh1) 43. Kf2 Bd3 44. Rxa7 $2 (44. Ra6+ $18 Ke7 45. Rxa7+ Kd6 46. Ra6+ Ke7 47. Rh6) 44... Bxc4 $11 45. d6 Ke6 46. d7 Rd5 $2 {[%mdl 8192]} (46... Ke7 $11) 47. Ba4 $18 Rd2+ 48. Ke3 Rd3+ 49. Kf4 Kf6 (49... Rd5 $142 50. Bc6 Rf5+ 51. Ke3 Rf8) 50. Ra8 Rf3+ 51. Ke4 Bd3+ 52. Kd5 Rf5+ 53. Kd6 {Precision: White = 42%, Black = 44%.} 1-0

[Event "HUN-ch Rapid 2018"]
[Site "Ajka"]
[Date "2018.07.21"]
[Round "7"]
[White "Dankhazi, Andras"]
[Black "Papp, Petra"]
[Result "1/2-1/2"]
[WhiteElo "2361"]
[BlackElo "2287"]
[Annotator "NA RC"]
[PlyCount "78"]
[EventDate "2018.07.20"]
[EventType "swiss"]
[EventCountry "HUN"]
[SourceTitle "playchess.com"]
[Source "ChessBase"]
[SourceQuality "1"]
[TimeControl "1200+5"]

1. d4 {[%emt 0:00:03]} Nf6 {[%emt 0:00:17]} 2. c4 {[%emt 0:00:01]} g6 {[%emt 0:00:01]} 3. g3 {[%emt 0:00:02]} c5 {[%emt 0:00:18]} 4. dxc5 {[%emt 0:00:03]} Qa5+ {[%emt 0:00:39]} 5. Nc3 {[%emt 0:00:10]} Qxc5 {[%emt 0:00:19]} 6. e4 {[%emt 0:00:23]} d6 {[%emt 0:00:18]} 7. Be3 {[%emt 0:00:06]} Qa5 {[%emt 0:00:44]} 8. f3 {[%emt 0:02:45]} Bg7 {[%emt 0:00:14]} 9. Nge2 {[%emt 0:01:02]} O-O {[%emt 0:00:45]} 10. Nd4 {[%emt 0:02:34]} Nc6 {[%emt 0:00:24]} 11. Qd2 {[%emt 0:00:43]} Nxd4 {[%emt 0:00:20]} 12. Bxd4 {[%emt 0:00:02]} Be6 {[%emt 0:00:03]} 13. b3 {[%emt 0:01:05]} Rac8 {[%emt 0:01:54]} 14. Bg2 {[%emt 0:01:12]} a6 {[%emt 0:01:07]} 15. Ne2 {[%emt 0:01:08]} Qxd2+ {[%emt 0:02:54]} 16. Kxd2 {[%emt 0:00:01]} Nd7 {[%emt 0:00:02]} 17. Bxg7 {[%emt 0:00:11]} Kxg7 {[%emt 0:00:02]} 18. Nd4 {[%emt 0:00:01]} Ne5 {[%emt 0:01:01]} 19. f4 {[%emt 0:00:24]} Nc6 {[%emt 0:00:30]} 20. Nxc6 {[%emt 0:00:48]} bxc6 {[%emt 0:01:18]} 21. Rhe1 {[%emt 0:00:37]} f6 {[%emt 0:00:48]} 22. Rac1 {[%emt 0:00:24]} c5 {[%emt 0:00:14]} 23. Rf1 {[%emt 0:00:47]} a5 {[%emt 0:00:34]} 24. Rce1 {[%emt 0:00:15]} g5 {[%emt 0:02:42]} 25. Kc3 {[%emt 0:02:45]} Bd7 {[%emt 0:00:33]} 26. e5 {[%emt 0:00:09]} fxe5 {[%emt 0:00:53]} 27. fxe5 {[%emt 0:00:02]} Rxf1 {[%emt 0:00:14]} 28. Bxf1 {[%emt 0:00:02]} Rf8 {[%emt 0:00:31]} 29. exd6 {[%emt 0:00:18]} exd6 {[%emt 0:00:02]} 30. Bd3 {[%emt 0:00:25]} h6 {[%emt 0:00:16]} 31. a3 {[%emt 0:01:03]} Re8 {[%emt 0:00:06]} 32. Rxe8 {[%emt 0:00:39]} Bxe8 {[%emt 0:00:00]} 33. b4 {[%emt 0:00:01]} axb4+ {[%emt 0:00:22]} 34. axb4 {[%emt 0:00:01]} cxb4+ {[%emt 0:00:02]} 35. Kxb4 {[%emt 0:00:01]} Kf6 {[%emt 0:00:03]} 36. c5 {[%emt 0:00:01]} dxc5+ {[%emt 0:00:01]} 37. Kxc5 {[%emt 0:00:01]} Ke5 {[%emt 0:00:06]} 38. h4 {[%emt 0:00:34]} g4 {[%emt 0:00:46]} 39. Kc4 {[%emt 0:00:22]} Bf7+ {[%emt 0:00:40] Kd4+ Kd5+} 1/2-1/2

[Event "HUN-ch Rapid 2018"]
[Site "Ajka"]
[Date "2018.07.21"]
[Round "7"]
[White "Csonka, Attila Istvan"]
[Black "Hardicsay, Peter"]
[Result "1-0"]
[WhiteElo "2337"]
[BlackElo "2267"]
[Annotator "NA RC"]
[PlyCount "93"]
[EventDate "2018.07.20"]
[EventType "swiss"]
[EventCountry "HUN"]
[SourceTitle "playchess.com"]
[Source "ChessBase"]
[SourceQuality "1"]
[TimeControl "1200+5"]

1. e4 {[%emt 0:00:03]} c5 {[%emt 0:00:03]} 2. Nf3 {[%emt 0:00:02]} e6 {[%emt 0:00:09]} 3. b3 {[%emt 0:00:05]} Nc6 {[%emt 0:00:16]} 4. Bb2 {[%emt 0:00:05]} Nf6 {[%emt 0:00:03]} 5. Qe2 {[%emt 0:00:05]} d6 {[%emt 0:00:24]} 6. g3 {[%emt 0:00:06]} Be7 {[%emt 0:01:10]} 7. Bg2 {[%emt 0:00:04]} O-O {[%emt 0:00:03]} 8. O-O {[%emt 0:00:17]} e5 {[%emt 0:00:34]} 9. h3 {[%emt 0:00:03]} b5 {[%emt 0:00:34]} 10. c3 {[%emt 0:00:37]} Rb8 {[%emt 0:00:23]} 11. d4 {[%emt 0:00:11]} Qc7 {[%emt 0:00:58]} 12. Rd1 {[%emt 0:00:37]} Re8 {[%emt 0:00:15]} 13. Nbd2 {[%emt 0:00:19]} Bf8 {[%emt 0:00:36]} 14. dxe5 {[%emt 0:00:05]} Nxe5 {[%emt 0:01:23]} 15. Nxe5 {[%emt 0:00:03]} dxe5 {[%emt 0:00:32]} 16. c4 {[%emt 0:00:29]} b4 {[%emt 0:00:37]} 17. Nf1 {[%emt 0:00:04]} Bb7 {[%emt 0:00:26]} 18. g4 {[%emt 0:00:49]} h6 {[%emt 0:00:00]} 19. Qc2 {[%emt 0:00:49]} Nh7 {[%emt 0:00:52]} 20. Ne3 {[%emt 0:00:09]} Rbd8 {[%emt 0:00:58]} 21. Rxd8 {[%emt 0:00:15]} Rxd8 {[%emt 0:00:10]} 22. Nd5 {[%emt 0:00:11]} Qb8 {[%emt 0:00:33]} 23. Bc1 {[%emt 0:01:39]} Ng5 {[%emt 0:01:31]} 24. Bxg5 {[%emt 0:00:11]} hxg5 {[%emt 0:00:00]} 25. Bf3 {[%emt 0:00:37]} f6 {[%emt 0:00:23]} 26. Kg2 {[%emt 0:00:06]} a5 {[%emt 0:00:14]} 27. Rh1 {[%emt 0:00:13]} Kf7 {[%emt 0:00:44]} 28. h4 {[%emt 0:00:02]} gxh4 {[%emt 0:00:02]} 29. Rxh4 {[%emt 0:00:02]} Be7 {[%emt 0:00:57]} 30. Qc1 {[%emt 0:01:35]} Rh8 {[%emt 0:00:41]} 31. Qh1 {[%emt 0:00:03]} Rxh4 {[%emt 0:01:01]} 32. Qxh4 {[%emt 0:00:02]} Qg8 {[%emt 0:00:16]} 33. Qh1 {[%emt 0:01:58]} g5 {[%emt 0:00:51]} 34. Ne3 {[%emt 0:00:07]} Bf8 {[%emt 0:00:55]} 35. Nf5 {[%emt 0:00:06]} Bc8 {[%emt 0:00:27]} 36. a3 {[%emt 0:01:02]} Ke8 {[%emt 0:00:17]} 37. axb4 {[%emt 0:00:03]} axb4 {[%emt 0:00:04]} 38. Qa1 {[%emt 0:00:13]} Qe6 {[%emt 0:00:11]} 39. Ne3 {[%emt 0:00:20]} Qa6 {[%emt 0:00:07]} 40. Qd1 {[%emt 0:00:20]} Be6 {[%emt 0:00:28]} 41. Nd5 {[%emt 0:00:02]} Bxd5 42. exd5 {[%emt 0:00:05]} Kd7 {[%emt 0:00:36]} 43. Be4 {[%emt 0:00:04]} Qa2 {[%emt 0:00:09]} 44. Qf3 {[%emt 0:00:07]} Be7 {[%emt 0:00:15]} 45. Qf5+ {[%emt 0:00:02]} Kd8 {[%emt 0:00:02]} 46. Qe6 {[%emt 0:00:14]} Qd2 {[%emt 0:00:03]} 47. Bf5 {[%emt 0:00:05]} 1-0

[Event "HUN-ch Rapid 2018"]
[Site "Ajka"]
[Date "2018.07.21"]
[Round "7"]
[White "Papp, Gellert"]
[Black "Horvath, Peter"]
[Result "0-1"]
[WhiteElo "2324"]
[BlackElo "2438"]
[Annotator "TA"]
[PlyCount "83"]
[EventDate "2018.07.20"]
[EventType "swiss"]
[EventCountry "HUN"]
[SourceTitle "playchess.com"]
[Source "ChessBase"]
[SourceQuality "1"]

{[%evp 24,83,22,23,31,38,37,37,43,32,41,46,28,29,52,22,16,12,16,12,30,0,35,20,32,27,53,33,52,60,0,-122,-126,-122,-116,-116,-94,-89,-44,-31,-19,-15,-6,-5,-20,-18,-10,-15,-6,-11,-4,-3,-8,-56,-57,-56,29992,0,0,-117,29999,-132]} 1. e4 c5 2. Nf3 Nc6 3. d4 cxd4 4. Nxd4 e5 5. Nb5 {[%cal Bd4b5,Bb5a3,Ba3c4,Bc4e3,Be3d5][%mdl 32]} d6 6. N1c3 a6 7. Na3 Be7 8. Nc4 b5 {B32: Sicilian: Löwenthal and Kalashnikov Variations} 9. Ne3 Nf6 10. g3 O-O 11. Bg2 b4 12. Ncd5 Nxd5 13. Nxd5 {LiveBook: 85 Games} Bg5 14. Bxg5 Qxg5 15. O-O Qd8 16. a3 Rb8 {[%cal Ba8b8,Bb8b4,Bb4d4][%mdl 32]} 17. axb4 {[#]} Nxb4 $146 18. Ne3 Nc6 19. Ra2 a5 20. Qd2 Be6 21. b3 Rb4 22. f4 {Threatening f5.} Rd4 23. Qe2 Nb4 24. Raa1 {[#] c3 is the strong threat.} Qc7 25. f5 Bc8 26. Nc4 Ba6 {[%cal Rd4c4]} 27. c3 (27. f6 $11) 27... Rxc4 $1 $17 28. bxc4 Bxc4 29. Qd2 Bxf1 30. Rxf1 {And now f6 would win.} Nc6 31. f6 $1 {White threatens Qg5 and mate.} Nd8 32. fxg7 Re8 33. Bh3 Ne6 34. Qh6 {Black must now prevent Bf5.} Nxg7 35. Bf5 $1 {[%cal Rf5h7]} Nxf5 36. exf5 $11 {[%mdl 4096] Endgame White wants to mate with f6. KQR-KQR} ({Reject} 36. Rxf5 Re6 $17) 36... Qe7 {With the idea ...f6.} 37. f6 $36 {[%csl Gf6][%cal Rh6g7][%mdl 2048] White has some pressure.} Qf8 38. Qh4 {Threatens to win with Rf5.} Kh8 39. Rf5 Kg8 $2 {[%mdl 8192] [#]} (39... Rb8 $15) 40. Qg5+ $2 (40. Rh5 Qg7 41. fxg7 Rb8 42. Rxh7 Rb1+ 43. Kf2 Rb2+ 44. Ke3 Re2+ 45. Kxe2 f6 46. Rh8+ Kf7 47. g8=Q+ Ke7 48. Rh7#) 40... Kh8 41. Rf1 (41. Qh4 $11 Rb8 42. Qc4) 41... Qe7 $2 {[%mdl 8192]} (41... a4 $17 42. Ra1 Ra8) 42. Qh6 $2 {Precision: White = 64%, Black = 48%.} (42. Qg7# {mates}) 0-1